000 00874nam a2200289Ia 4500
001 Para_6197
003 CHAP
008 220125s1981 xx 000 0 und d
010 _a204817
040 _cCHAP
090 _aPA FOLLETO 308
100 _aCruz Rivera, Genaro
_929560
245 _aGuía para cultivar trigo de temporal en el Estado de México /
_c por Genaro Cruz Rivera y Milton S. Alvarez Baus
260 _aChapingo, Méx. :
_b INIA
300 _a11 p.
440 _aFolleto de productores; 2
_9170772
650 _aTrigo
_9114954
700 _aAlvarez Baus, Milton
_9155772
710 _aInstituto Nacional de Investigaciones Agrícolas (México)
_959316
901 _aPA FOLLETO 308
902 _aA
905 _a0000001981 a 0000000000 00
910 _a1981
942 _cPARA
942 _cPARA
_d1
999 _c204817
_d204817